01055cam a22002895a 4500001000800000005001700008008004100025020003700066020001800103040002800121082001900149245008800168260004000256300003400296500002400330504004100354650002700395650003900422650002900461651001000490653002000500655002400520700004700544942000800591999001700599952014900616354306620201128021252.0970502t1997 nyua frb 001 0 eng d a082479799X (hc : acidfree paper) a9780824797997 aDLCcDLCdDLCdEG-ScBUE00a668.9222bHAN00aHandbook of engineering polymeric materials /cedited by Nicholas P. Cheremisinoff. aNew York :bMarcel Dekker,cc.1997. axii, 881 p. :bill. ;c29 cm. aIndex : p. 859-881. aIncludes bibliographical references. 7apolymers.2BUEsh95875 7aPolymeric composites.2BUEsh95876 7aElastomers.2BUEsh91858 2BUEsh bENGCHEcMay2015 vreading book9342321 aCheremisinoff, Nicholas P.,96591eeditor. 2ddc c19423d19395 00102ddc40708BaccahaMAINbMAINc0THd2015-05-25epurchaseg2790.00h22353l0o668.9 HANp000038303r2025-07-15 00:00:00v3488.00yREFERENCE